000 00749nam a22002537a 4500
001 BR8905600
003 BR-BrBNA
005 20230928093335.0
007 ta
008 230509b bl.||||| |||| 00| 0 por d
040 _aBR-BrBNA
_bpor
_cBiblioteca Nacional de Agricultura
041 _a(Por)
072 _aC20
_b/G514
090 _ C20 BR8905600
110 1 _aEmpresa de Assistencia Tecnica e Extensao Rural do Estado de Mato Grosso, Cuiaba (Brasil)
_94017
245 1 _aExtensao rural: Um servico a disposicao do agricultor mato-grossense
260 3 _aCuiaba, MT (Brasil):
_c1984.
300 _a14 p.
500 _a5 illus.
650 _aEXTENSAO RURAL
650 _aMATO GROSSO
909 _a202309
_bLucia
_c55
_dLucia Elande
942 _cBK
999 _c44417
_d44417